| 000 | 004260000a22001330004500 | ||
|---|---|---|---|
| 008 | 230817t ||||| |||| 00| 0 eng d | ||
| 082 |
_a305.4 _bWOM |
||
| 245 | _aWomen of Sri Lanka in statistics | ||
| 260 |
_aColombo: _bMinistry of Women's Affairs & Teaching Hospitals,Women's Bureau of Sri Lanka _c1985 |
||
| 300 |
_a95 p. _btables |
||
| 650 | _aSTATISTICS-female-Sri Lanka | ||
| 700 |
_aJaykody, Somaratne _ecomp. |
||
| 942 | _cRP | ||
| 999 |
_c1524 _d1524 |
||